000 01200 a2200325 4500
005 20250508121419.0
020 _a0873711653
050 0 0 _aRA576.5
_bCAL 1991
100 1 _aCalabrese, Edward J.,
_d1946-
245 1 0 _aAir toxics and risk assessment /
_cEdward J. Calabrese, Elaina M. Kenyon.
264 _aChelsea :
_bLewis,
_cc.1991
300 _a662 Pages
_billustrations
336 _2rtdacontent
_atext
_btxt
337 _2rdamedia
_aunmediated
_bn
338 _2rdacarrier
_avolume
_bnc
440 0 _aToxicology and environmental health series
504 _aIncludes bibliographical references (p. 625-628) and indexes.
650 0 _aAir
_xPollution
_xToxicology
650 0 _aHealth risk assessment
650 0 _aAir
_xPollution
_xStandards
650 2 _aAir Pollutants, Environmental
_xanalysis.
650 2 _aEnvironmental Exposure.
650 2 _aEnvironmental Monitoring
_xmethods.
650 2 _aEnvironmental Monitoring
_xstandards
650 2 _aRisk Factors
700 1 _aKenyon, Elaina M.
856 4 2 _3Publisher description
_uhttp://www.loc.gov/catdir/enhancements/fy0744/90013404-d.html
942 _2lcc
_cBK
_h576.5
_iCAL
_kRA
999 _c11529
_d11529